000 00305nam a22001337a 4500
008 171103b xxu||||| |||| 00| 0 eng d
020 _a9781555878382
041 _aeng
080 _a339.138
100 _a60
101 _aMAR
245 _aMERCOSUR REGIONAL WORLD MARKETS
_cROETT.R
942 _2udc
_cBK
999 _c37578
_d37578